000 00408nam a2200169Ia 4500
005 20140402153539.0
008 140130s9999 xx 000 0 und d
050 _aPZ 7
_b.L335Cap 2003
245 _cLasky, Kathryn
_aCapture(Guardians of ga'Hoole)
260 _bScholastic,
_c2008
300 _a222 p. :
_c21 cm.
440 _v1
521 _aG5
526 _c730
942 _cBK
_2lcc
999 _c41052
_d41052